000 00292 a2200157 4500
001 161035
020 _a
040 _cMagnum
100 _aCockenpont, Marianne
240 1 0 _aEugenio
_lpor
245 1 0 _aEugenio
362 0 _a1899
440 1 _aFTD
697 _aIJ/GERAL
942 _cBK
999 _c161035
_d161035